| 000 | 00401nam a2200157Ia 4500 | ||
|---|---|---|---|
| 008 | 230516s9999 xx 000 0 und d | ||
| 041 | _aeng | ||
| 082 | _bZAF/GAN | ||
| 100 | _aZAFAR RASHEEDUZ, GANDHI NEERJA | ||
| 245 | _aPRACTICAL PHARMACOGNOSY | ||
| 260 |
_bCBS PUBLISHERS & DISTRIBUTORS _c2004 |
||
| 300 | _a139 | ||
| 365 | _h20% | ||
| 520 | _aPGY | ||
| 650 | _aPHARMACOGNOSY & PHYTHOCHEMISTRY | ||
| 999 |
_c364504 _d364504 |
||